书目信息 |
| 题名: |
中国古神话
|
|
| 作者: | ||
| 分册: | ||
| 出版信息: | 北京 北京美术摄影出版社 1997 |
|
| 页数: | 255页 | |
| 开本: | 20cm | |
| 丛书名: | ||
| 单 册: | ||
| 中图分类: | J228.4 , J277.5 | |
| 科图分类: | 48.379 | |
| 主题词: | 连环画--中国--现代 , 绘画 | |
| 电子资源: | ||
| ISBN: | 7-80501-206-7 | |
| 000 | 00583nam0 2200229 45 | |
| 001 | 1559588688 | |
| 005 | 20150129163344.90 | |
| 010 | @a7-80501-206-7@dCNY0.49 | |
| 100 | @a19980324d1997 em y0chiy0121 ea | |
| 101 | 0 | @achi |
| 102 | @aCN@b110000 | |
| 105 | @aa t 000yy | |
| 200 | 10 | @a中国古神话@Azhong guo gu shen hua@e画库 |
| 210 | @a北京@c北京美术摄影出版社@d1997 | |
| 215 | @a255页@d20cm | |
| 606 | @a连环画@y中国@z现代 | |
| 606 | 0 | @a绘画 |
| 690 | @aJ228.4@v3 | |
| 690 | @aJ277.5@v4 | |
| 692 | @a48.379@v2 | |
| 801 | 0 | @aCN@bTSSF@c20150129 |
| 905 | @aZUCC@dJ277.5@eJY51 | |
| 中国古神话:画库.-北京:北京美术摄影出版社,1997 |
| 255页;20cm |
| ISBN 7-80501-206-7:CNY0.49 |
| ● |
| 相关链接 |
|
|
|
|
正题名:中国古神话
索取号:J277.5/JY51
 
预约/预借
| 序号 | 登录号 | 条形码 | 馆藏地/架位号 | 状态 | 备注 |
| 1 | 7863560 | 278635602 | 学院路分馆/ [索取号:J277.5/JY51] | 在馆 |